Biblioteca

La confederación de iglesias evangélicas del Rios de Plata (1939-1958) y su actuación en el cumplimiento de una finalidad primordial : (Registro nro. 50048)

Detalles MARC
000 -LÍDER
Campo fijo de descripción fija 00728aas a2200181 4500
001 - NÚMERO DE CONTROL
Campo de control 768714001
003 - IDENTIFICADOR DEL NÚMERO DE CONTROL
Campo de control CO-MdFUSB
005 - FECHA Y HORA DE LA ULTIMA TRANSACCIÓN
control field 20170905125513.0
008 - ELEMENTOS DE LONGITUD FIJA -- INFORMACIÓN GENERAL
Campo fijo de descripción fija -- Información general 170905b xxu||||| |||| 00| 0 eng d
022 ## - NÚMERO INTERNACIONAL NORMALIZADO PARA PUBLICACIONES SERIADAS
Número Internacional Normalizado para Publicaciones Seriadas 0326-6737
040 ## - FUENTE DE CATALOGACIÓN
Agencia Catalogadora CO-MdFUSB
Idioma de catalogación spa
Agencia que realiza la transcripción CO-MdFUSB
Agencia que realiza la modificación CO-MdFUSB
041 ## - CÓDIGO DE IDIOMA
Código de idioma para texto/pista de sonido o título separado spa
100 1# - ASIENTO PRINCIPAL--NOMBRE PERSONAL
Nombre personal Mohr, Eugenio
Término relacionador autor
245 10 - TÍTULO
Título La confederación de iglesias evangélicas del Rios de Plata (1939-1958) y su actuación en el cumplimiento de una finalidad primordial :
Subtitulo la defensa de la libertad religiosa
Mención de responsabilidad / Mohr, Eugenio
300 ## - DESCRIPCIÓN FÍSICA
Extensión Volumen 13. Número 2 (1994), páginas 55-68
Dimensiones : 23 cm.
773 0# - ASIENTO DE ITEM FUENTE
Título Cuadernos de Teología
Biblionumber 49404
Itemnumber 59707
Parte(s) relacionada(s) / Volumen., número. (mes año), páginas Volumen 13. Número 2 (1994), páginas 55-68
Enumeración y primera página Página 55
942 ## - TIPO DE MATERIAL (KOHA)
Tipo de Item KOHA Artículos de Revista
Existencias
Expurgo - (Retirado) Estado de Perdido Estado de Dañado No prestable Colección Ubicación habitual Ubicación actual Fecha de Adquisición Signatura Topográfica Tipo de Material
        Colección de Hemeroteca Biblioteca FUSBC Biblioteca FUSBC 26/01/2016 Artículos de Revista

Biblioteca FUSBC | Teléfono: (57+4) 349 88 10 Ext. 141| WhatsApp (+57) 3005338115 
E-mail: biblioteca@unisbc.edu.co | Calle 76 87-14 Robledo Palenque, Medellín, Colombia

Con tecnología Koha